[Event "Interclubs Adultes"]
[Site "CHALONS EN CHAMPAGNE"]
[Date "16.12.07"]
[Round "5.8"]
[White "Mancini, Mario"]
[Black "Fruteau, Sabine"]
[Result "1/2-1/2"]
[WhiteElo "2221"]
[BlackElo "2169"]
[PlyCount "101"]
[EventDate "16.12.07"]
[WhiteTeam "Chalons en Champagne"]
[BlackTeam "Deauville"]

1. d4 d5 2. c4 e5 3. dxe5 d4 4. Nf3 Nc6 5. g3 Nge7 6. Nbd2 Ng6 7. Nb3 Ngxe5 8.
Bg2 Bb4+ 9. Bd2 Bxd2+ 10. Qxd2 Nxc4 11. Qc2 Be6 12. Nc5 Bd5 13. O-O b6 14. Nd3
O-O 15. Nf4 N4a5 16. Nxd5 Qxd5 17. Nd2 Qe6 18. Rfc1 d3 19. Qc3 dxe2 20. b4 Nxb4
21. Qxb4 Rad8 22. Re1 Qe5 23. Rab1 Rfe8 24. Bf3 c5 25. Qb2 Qxb2 26. Rxb2 c4 27.
Rc2 b5 28. Rxe2 Rxe2 29. Bxe2 Nc6 30. Nf3 Nb4 31. Rd2 Rxd2 32. Nxd2 Nxa2 33. f4
c3 34. Nb3 c2 35. Bxb5 c1=Q+ 36. Nxc1 Nxc1 37. Kf2 Nb3 38. Ke3 Kf8 39. Ke4 Ke7
40. Kd5 h5 41. Be2 g6 42. f5 Kf6 43. fxg6 fxg6 44. h4 Nc1 45. Bc4 Kf5 46. Kd4
Kg4 47. Bf7 Ne2+ 48. Kc4 Kf5 49. Kb5 Nd4+ 50. Ka6 Nc6 51. Be8 1/2-1/2

[Event "Interclubs Adultes"]
[Site "CHALONS EN CHAMPAGNE"]
[Date "16.12.07"]
[Round "5.1"]
[White "David, Alberto"]
[Black "Nguyen, Thanh-Tong"]
[Result "1-0"]
[WhiteElo "2536"]
[BlackElo "2353"]
[PlyCount "37"]
[EventDate "16.12.07"]
[WhiteTeam "Clichy II"]
[BlackTeam "Noisy le Grand"]

1. e4 c5 2. Nf3 e6 3. d4 cxd4 4. Nxd4 a6 5. Nc3 d6 6. a4 Nf6 7. Be2 Qc7 8. f4
Be7 9. O-O O-O 10. Kh1 Bd7 11. Be3 Nc6 12. Nb3 Na5 13. e5 dxe5 14. fxe5 Nd5 15.
Nxd5 exd5 16. Nxa5 Qxa5 17. Bd3 f5 18. exf6 Bxf6 19. Qh5 1-0

[Event "Interclubs Adultes"]
[Site "CHALONS EN CHAMPAGNE"]
[Date "16.12.07"]
[Round "5.2"]
[White "Onkoud, Abdelaziz"]
[Black "Silva, Sebastian"]
[Result "1/2-1/2"]
[WhiteElo "2396"]
[BlackElo "2369"]
[PlyCount "106"]
[EventDate "16.12.07"]
[WhiteTeam "Noisy le Grand"]
[BlackTeam "Clichy II"]

1. e4 c5 2. Nf3 Nc6 3. Nc3 g6 4. d4 cxd4 5. Nxd4 Bg7 6. Be3 Nf6 7. Bc4 d6 8. h3
O-O 9. Bb3 Bd7 10. O-O a6 11. f4 b5 12. a3 Ne8 13. Qd2 Na5 14. Rad1 Nxb3 15.
cxb3 Nc7 16. f5 b4 17. Nd5 bxa3 18. bxa3 Rc8 19. Rc1 Nxd5 20. exd5 Rxc1 21.
Qxc1 Qa5 22. Nc6 Bxc6 23. dxc6 Rc8 24. fxg6 hxg6 25. Qc4 d5 26. Qf4 Bf6 27. g4
g5 28. Qf5 Rxc6 29. Bxg5 Qc3 30. Kg2 Qxb3 31. Bxf6 exf6 32. Rf3 Qb2+ 33. Rf2
Qe5 34. g5 Qxf5 35. Rxf5 fxg5 36. Rxd5 f6 37. Rd4 Rc2+ 38. Kg3 Rc3+ 39. Kg4
Rxa3 40. Kf5 Rf3+ 41. Kg6 Kf8 42. Ra4 Ke8 43. Rxa6 Ke7 44. Ra7+ Ke6 45. Ra6+
Ke5 46. Ra5+ Kd4 47. Ra4+ Kc5 48. Ra5+ Kd4 49. Ra4+ Ke5 50. Ra5+ Kd4 51. Ra4+
Kc5 52. Ra5+ Kb4 53. Rf5 Rxh3 1/2-1/2

[Event "Interclubs Adultes"]
[Site "CHALONS EN CHAMPAGNE"]
[Date "16.12.07"]
[Round "5.3"]
[White "Rainfray, Arnaud"]
[Black "Moreno, Alejandro"]
[Result "0-1"]
[WhiteElo "2400"]
[BlackElo "2408"]
[PlyCount "108"]
[EventDate "16.12.07"]
[WhiteTeam "Clichy II"]
[BlackTeam "Noisy le Grand"]

1. e4 c5 2. Nf3 Nc6 3. c3 d5 4. exd5 Qxd5 5. d4 Bg4 6. Be2 e6 7. h3 Bxf3 8.
Bxf3 Qd7 9. d5 exd5 10. Qxd5 Bd6 11. O-O Nge7 12. Qb3 O-O 13. Nd2 Rad8 14. Ne4
Bb8 15. Bg5 Ne5 16. Be2 h6 17. Bh4 N5g6 18. Bg3 Qc6 19. Bf3 c4 20. Qa3 Bxg3 21.
Nxg3 Qb6 22. Rae1 Nc6 23. Nf5 Nce5 24. Be4 Nd3 25. Bxd3 cxd3 26. Nd4 Nf4 27.
Re3 Qg6 28. g4 Rxd4 29. cxd4 Qc6 30. Rg3 Ne2+ 31. Kh2 Nxg3 32. Kxg3 Qc2 33. Qc3
Rc8 34. Qxc2 Rxc2 35. Rd1 d2 36. b4 Rxa2 37. Kf3 Kf8 38. h4 Ke7 39. Ke4 Kd6 40.
f4 a6 41. h5 b6 42. g5 a5 43. bxa5 bxa5 44. gxh6 gxh6 45. Kd3 Kd5 46. Rb1 a4
47. Rb5+ Kc6 48. Rb1 Rb2 49. Rf1 a3 50. Kc3 f5 51. Rg1 Kd5 52. Ra1 Ke4 53. Rf1
Ke3 54. Rh1 Rb8 0-1

[Event "Interclubs Adultes"]
[Site "CHALONS EN CHAMPAGNE"]
[Date "16.12.07"]
[Round "5.4"]
[White "Boudiba, Mahfoud"]
[Black "Delorme, Axel"]
[Result "1/2-1/2"]
[WhiteElo "2364"]
[BlackElo "2328"]
[PlyCount "127"]
[EventDate "16.12.07"]
[WhiteTeam "Noisy le Grand"]
[BlackTeam "Clichy II"]

1. d4 d5 2. c4 c6 3. Nc3 Nf6 4. Nf3 a6 5. e3 b5 6. b3 Bg4 7. Be2 e6 8. O-O Nbd7
9. Ng5 Bxe2 10. Qxe2 h6 11. Nh3 Bb4 12. Bd2 Qa5 13. Rfc1 bxc4 14. bxc4 O-O 15.
a3 Bxc3 16. Bxc3 Qa4 17. Bb4 Rfe8 18. Nf4 Nb6 19. cxd5 cxd5 20. Nh5 Nxh5 21.
Qxh5 Rec8 22. g4 Qd7 23. g5 hxg5 24. Qxg5 f6 25. Qg6 Qf7 26. Qg4 Nc4 27. e4 f5
28. exf5 Qxf5 29. Qxf5 exf5 30. Re1 Re8 31. Rab1 Kf7 32. Bc5 Rxe1+ 33. Rxe1 g5
34. h3 Rb8 35. Re7+ Kf6 36. Rd7 Ke6 37. Re7+ Kf6 38. Ra7 a5 39. Be7+ Kg6 40.
Ra6+ Rb6 41. Ra8 Rb3 42. Kg2 g4 43. hxg4 fxg4 44. Bc5 Kf5 45. Rf8+ Ke4 46. Re8+
Kf5 47. Rf8+ Ke4 48. Re8+ Kf5 49. Rh8 Nxa3 50. Rh5+ Kf4 51. Rxd5 Nc4 52. Rd8
Rd3 53. Rf8+ Ke4 54. Re8+ Kf4 55. Re2 Rd2 56. Re8 Rd3 57. Rc8 a4 58. Ra8 a3 59.
Ra4 Rc3 60. d5 Ke5 61. d6 Ke6 62. Ra6 Rd3 63. Kf1 Rd2 64. Bb4 1/2-1/2

[Event "Interclubs Adultes"]
[Site "CHALONS EN CHAMPAGNE"]
[Date "16.12.07"]
[Round "5.5"]
[White "Mullon, Jean-Baptiste"]
[Black "Haik, Aldo"]
[Result "0-1"]
[WhiteElo "2339"]
[BlackElo "2381"]
[PlyCount "72"]
[EventDate "16.12.07"]
[WhiteTeam "Clichy II"]
[BlackTeam "Noisy le Grand"]

1. e4 c5 2. Nf3 Nc6 3. Bb5 g6 4. Bxc6 bxc6 5. O-O Bg7 6. Re1 Nf6 7. h3 O-O 8.
e5 Nd5 9. c4 Nc7 10. d4 cxd4 11. Nxd4 f6 12. exf6 Bxf6 13. Nc3 Ba6 14. c5 Qb8
15. a3 Bc4 16. Ne4 Bg7 17. b3 Bd5 18. Rb1 e5 19. Nc2 Ne6 20. b4 Nf4 21. f3 Qd8
22. Ne3 Be6 23. Ng4 h5 24. Ngf2 Qh4 25. Qd2 Rf5 26. g3 Rg5 27. Kh2 Rxg3 28.
Nxg3 Bxh3 29. Nfe4 Bg2+ 30. Kg1 Bxf3 31. Rb3 Nh3+ 32. Kf1 Bg4 33. Qh2 Qe7 34.
Ree3 Bh6 35. Rec3 Bxc1 36. Rxc1 Qf7+ 0-1

[Event "Interclubs Adultes"]
[Site "CHALONS EN CHAMPAGNE"]
[Date "16.12.07"]
[Round "5.6"]
[White "Tissir, Mohamed"]
[Black "Pujos, Stephane"]
[Result "0-1"]
[WhiteElo "2444"]
[BlackElo "2296"]
[PlyCount "58"]
[EventDate "16.12.07"]
[WhiteTeam "Noisy le Grand"]
[BlackTeam "Clichy II"]

1. e4 d6 2. d4 Nf6 3. Nc3 e5 4. Nge2 c6 5. a4 Be7 6. h3 O-O 7. g3 exd4 8. Nxd4
d5 9. e5 Ne4 10. Nxe4 dxe4 11. Bf4 e3 12. fxe3 Na6 13. h4 Qb6 14. Rb1 c5 15.
Nb5 Qc6 16. Rh2 Bf5 17. Bg2 Qb6 18. Nd6 Rad8 19. g4 Be6 20. b3 Nb4 21. Qe2 Rd7
22. Be4 Rfd8 23. g5 Nc6 24. Nf5 Qb4+ 25. Kf1 Qxe4 26. Ng3 Qd5 27. e4 Qd4 28.
Nf5 Bxf5 29. exf5 Qxf4+ 0-1

[Event "Interclubs Adultes"]
[Site "CHALONS EN CHAMPAGNE"]
[Date "16.12.07"]
[Round "5.7"]
[White "Lagarde, Maxime"]
[Black "Piot, Olivier"]
[Result "1-0"]
[WhiteElo "2256"]
[BlackElo "2241"]
[PlyCount "123"]
[EventDate "16.12.07"]
[WhiteTeam "Clichy II"]
[BlackTeam "Noisy le Grand"]

1. e4 c5 2. Nf3 d6 3. d4 cxd4 4. Nxd4 Nf6 5. Nc3 a6 6. Be3 e5 7. Nb3 Be6 8. f3
Nbd7 9. Qd2 b5 10. O-O-O Nb6 11. Qf2 Nfd7 12. f4 Qc7 13. Kb1 Be7 14. f5 Bc4 15.
g4 b4 16. Nd5 Nxd5 17. exd5 Bxf1 18. Rhxf1 a5 19. Nd2 Rc8 20. Ne4 Qc4 21. Qg2
Nf6 22. Nxf6+ gxf6 23. b3 Qb5 24. Qe4 Kd7 25. g5 Rhg8 26. h4 Rc3 27. Rf2 a4 28.
h5 axb3 29. cxb3 Bd8 30. g6 Bb6 31. Bxb6 Qxb6 32. Rg2 hxg6 33. fxg6 fxg6 34.
hxg6 Qe3 35. Qg4+ Kc7 36. Qxb4 Rb8 37. Qxc3+ Qxc3 38. Rc2 Qxc2+ 39. Kxc2 Rg8
40. Rg1 Rg7 41. Kd3 f5 42. a4 Kb6 43. b4 Ka6 44. Ke3 Kb6 45. Kf3 Ka6 46. Rg5
Kb6 47. Kg3 Ka6 48. Kh4 e4 49. Kg3 e3 50. Kf3 f4 51. Rg1 Kb6 52. Kxf4 e2 53.
Kf5 Re7 54. Re1 Re5+ 55. Kf6 Rxd5 56. g7 Rd1 57. Rxe2 Rf1+ 58. Ke7 Rg1 59. Kf8
Rf1+ 60. Ke8 Rg1 61. Re7 d5 62. Kf8 1-0

[Event "Interclubs Adultes"]
[Site "CHALONS EN CHAMPAGNE"]
[Date "16.12.07"]
[Round "5.8"]
[White "Tatard, Marie"]
[Black "Marchadour, Emilie"]
[Result "0-1"]
[WhiteElo "1905"]
[BlackElo "2123"]
[PlyCount "30"]
[EventDate "16.12.07"]
[WhiteTeam "Noisy le Grand"]
[BlackTeam "Clichy II"]

1. e4 c5 2. Nf3 e6 3. d4 cxd4 4. Nxd4 Nc6 5. c3 Qc7 6. Be2 Nf6 7. Qd3 Nxd4 8.
Qxd4 Bc5 9. Qd3 b6 10. h3 Bb7 11. Bf3 Qe5 12. Nd2 d5 13. Qb5+ Ke7 14. O-O dxe4
15. Qe2 Bd6 0-1

[Event "Interclubs Adultes"]
[Site "CHALONS EN CHAMPAGNE"]
[Date "16.12.07"]
[Round "5.1"]
[White "Legky, Nikolay A"]
[Black "Winants, Luc"]
[Result "1/2-1/2"]
[WhiteElo "2473"]
[BlackElo "2504"]
[PlyCount "44"]
[EventDate "16.12.07"]
[WhiteTeam "Drancy"]
[BlackTeam "Cappelle la Grande"]

1. d4 Nf6 2. c4 e6 3. Nf3 Bb4+ 4. Nbd2 d6 5. g3 Nbd7 6. Bg2 e5 7. a3 Bxd2+ 8.
Qxd2 O-O 9. dxe5 dxe5 10. O-O Re8 11. b4 e4 12. Ng5 h6 13. Nh3 Qe7 14. Bb2 Ne5
15. Qc3 Bf5 16. Nf4 c6 17. f3 b5 18. cxb5 cxb5 19. fxe4 Bxe4 20. Bxe4 Nxe4 21.
Qd4 Nf6 22. Rac1 Rad8 1/2-1/2

[Event "Interclubs Adultes"]
[Site "CHALONS EN CHAMPAGNE"]
[Date "16.12.07"]
[Round "5.2"]
[White "Gharamian, Tigran"]
[Black "Todorov, Todor"]
[Result "1/2-1/2"]
[WhiteElo "2557"]
[BlackElo "2510"]
[PlyCount "31"]
[EventDate "16.12.07"]
[WhiteTeam "Cappelle la Grande"]
[BlackTeam "Drancy"]

1. e4 c5 2. Nf3 Nc6 3. Bb5 Nf6 4. Nc3 g6 5. Bxc6 dxc6 6. h3 Bg7 7. d3 Nd7 8.
Be3 e5 9. Qd2 Qe7 10. Bh6 Bxh6 11. Qxh6 f6 12. Ng1 Nf8 13. Nge2 Ne6 14. f4 exf4
15. Nxf4 Nxf4 16. Qxf4 1/2-1/2

[Event "Interclubs Adultes"]
[Site "CHALONS EN CHAMPAGNE"]
[Date "16.12.07"]
[Round "5.3"]
[White "Komarov, Dimitri"]
[Black "Carlier, Bruno"]
[Result "1-0"]
[WhiteElo "2533"]
[BlackElo "2398"]
[PlyCount "51"]
[EventDate "16.12.07"]
[WhiteTeam "Drancy"]
[BlackTeam "Cappelle la Grande"]

1. d4 d6 2. Nf3 g6 3. c4 Bg7 4. Nc3 c5 5. e3 Na6 6. Be2 Nf6 7. O-O O-O 8. b3 b6
9. Bb2 Bb7 10. Qd2 e6 11. Rad1 Qe7 12. Qc1 e5 13. dxe5 dxe5 14. Qa1 e4 15. Nd2
Rad8 16. a3 Nc7 17. Nb5 Nxb5 18. cxb5 Ne8 19. Nc4 Bxb2 20. Qxb2 Nc7 21. a4 Qe6
22. Qe5 Qxe5 23. Nxe5 Rfe8 24. Bc4 Bc8 25. Nc6 Rxd1 26. Rxd1 1-0

[Event "Interclubs Adultes"]
[Site "CHALONS EN CHAMPAGNE"]
[Date "16.12.07"]
[Round "5.4"]
[White "Jossien, Arnaud"]
[Black "Borne, Niels"]
[Result "1-0"]
[WhiteElo "2384"]
[BlackElo "2324"]
[PlyCount "73"]
[EventDate "16.12.07"]
[WhiteTeam "Cappelle la Grande"]
[BlackTeam "Drancy"]

1. Nf3 Nf6 2. g3 d5 3. Bg2 c6 4. d3 Bg4 5. Nbd2 Bxf3 6. Nxf3 g6 7. b3 Bg7 8.
Bb2 O-O 9. O-O a5 10. c4 e6 11. Qc2 Na6 12. Rad1 Qb6 13. e4 Rfd8 14. cxd5 cxd5
15. Bd4 Qb4 16. Qb2 dxe4 17. dxe4 Qe7 18. Nd2 Nb4 19. e5 Nfd5 20. Ne4 Rac8 21.
Rd2 Nc6 22. Bc5 Qc7 23. f4 b6 24. Bf2 Nce7 25. Nf6+ Kh8 26. Rfd1 Nb4 27. Rd7
Bxf6 28. Rxd8+ Rxd8 29. Rxd8+ Qxd8 30. exf6 Nf5 31. a3 Qd1+ 32. Bf1 Nd5 33. Qe5
h6 34. Qb8+ Kh7 35. Qf8 Nxf6 36. Qxf7+ Ng7 37. Qxf6 1-0

[Event "Interclubs Adultes"]
[Site "CHALONS EN CHAMPAGNE"]
[Date "16.12.07"]
[Round "5.5"]
[White "Karr, Jean-Philippe"]
[Black "Jossien, Remy"]
[Result "0-1"]
[WhiteElo "2394"]
[BlackElo "2257"]
[PlyCount "78"]
[EventDate "16.12.07"]
[WhiteTeam "Drancy"]
[BlackTeam "Cappelle la Grande"]

1. d4 d6 2. Nf3 g6 3. c4 Bg7 4. Nc3 Nd7 5. e4 e6 6. Be2 Ne7 7. Be3 h6 8. Qd2 b6
9. O-O Bb7 10. b4 f5 11. d5 e5 12. g3 Nf6 13. Nh4 f4 14. gxf4 exf4 15. Bd4 O-O
16. c5 g5 17. Nf3 Ng6 18. Kh1 Qe7 19. Bxf6 Qxf6 20. Nb5 g4 21. Nfd4 f3 22. Bd3
Qh4 23. Rg1 c6 24. Nf5 Rxf5 25. exf5 cxb5 26. c6 Ba6 27. Rae1 Be5 28. Rg3 Nf4
29. Re4 Qg5 30. h3 h5 31. hxg4 hxg4 32. Qe3 Kf7 33. Rxf4 Qxf4 34. Qxf4 Bxf4 35.
Rxg4 Rh8+ 36. Kg1 Rg8 37. Rxg8 Kxg8 38. a4 Kf7 39. axb5 Bc8 0-1

[Event "Interclubs Adultes"]
[Site "CHALONS EN CHAMPAGNE"]
[Date "16.12.07"]
[Round "5.6"]
[White "Platel, Alexandre"]
[Black "Salaun, Yann"]
[Result "0-1"]
[WhiteElo "2251"]
[BlackElo "2322"]
[PlyCount "138"]
[EventDate "16.12.07"]
[WhiteTeam "Cappelle la Grande"]
[BlackTeam "Drancy"]

1. e4 e5 2. Nf3 Nc6 3. d4 exd4 4. Nxd4 Bb4+ 5. c3 Be7 6. Bc4 Nf6 7. Nxc6 dxc6
8. Nd2 Ng4 9. Be2 Bc5 10. Bxg4 Qh4 11. O-O Bxg4 12. Qe1 O-O-O 13. b4 Bd6 14. e5
Rhe8 15. f4 Qxe1 16. Rxe1 f6 17. h3 Bh5 18. Nc4 Bf7 19. Nxd6+ cxd6 20. Be3 dxe5
21. fxe5 fxe5 22. Bxa7 Rd2 23. Rf1 Bc4 24. Rf2 Red8 25. Re1 Rd1 26. Rxd1 Rxd1+
27. Kh2 b5 28. Be3 Rd3 29. Bc5 Kd7 30. Rc2 Ke6 31. Kg1 Rd1+ 32. Kf2 Kd5 33. Ke3
Re1+ 34. Kf2 Ra1 35. Ke3 Ke6 36. Rd2 Bd5 37. Rf2 Bxa2 38. Rf8 Bd5 39. Re8+ Kf6
40. Bd6 Bxg2 41. h4 Bd5 42. Kf2 e4 43. Be5+ Kf7 44. Rh8 Kg6 45. Bd4 Rh1 46. Kg3
Be6 47. Re8 Kf7 48. Ra8 Rh3+ 49. Kf2 Rxh4 50. Ra7+ Kg6 51. Rxg7+ Kf5 52. Rc7
Bd5 53. Rc8 Kg4 54. Rf8 Rh2+ 55. Ke3 Rh3+ 56. Kf2 h5 57. Rf6 Rh2+ 58. Ke3 h4
59. Rg6+ Kf5 60. Rf6+ Kg5 61. Rf1 Rh3+ 62. Kd2 Bc4 63. Rf8 Rd3+ 64. Ke1 h3 65.
Rh8 Rf3 66. Kd2 Rg3 67. Be5 e3+ 68. Kc2 Rg2+ 69. Kc1 e2 0-1

[Event "Interclubs Adultes"]
[Site "CHALONS EN CHAMPAGNE"]
[Date "16.12.07"]
[Round "5.7"]
[White "Giffard, Nicolas"]
[Black "Couche, Didier"]
[Result "1-0"]
[WhiteElo "2387"]
[BlackElo "2121"]
[PlyCount "41"]
[EventDate "16.12.07"]
[WhiteTeam "Drancy"]
[BlackTeam "Cappelle la Grande"]

1. Nf3 d5 2. c4 c6 3. e3 Nf6 4. Nc3 Nbd7 5. d4 e6 6. Bd3 Be7 7. O-O O-O 8. e4
dxc4 9. Bxc4 b5 10. Bd3 a6 11. Qc2 h6 12. e5 Nd5 13. Nxd5 cxd5 14. Be3 Nb6 15.
b3 Bd7 16. Qd2 f5 17. exf6 Bxf6 18. Bc2 Rf7 19. Ne5 Bxe5 20. dxe5 Qf8 21. Bxb6
1-0

[Event "Interclubs Adultes"]
[Site "CHALONS EN CHAMPAGNE"]
[Date "16.12.07"]
[Round "5.8"]
[White "Husson, Cybele"]
[Black "Lefevre, Margaux"]
[Result "0-1"]
[WhiteElo "2038"]
[BlackElo "1944"]
[PlyCount "138"]
[EventDate "16.12.07"]
[WhiteTeam "Cappelle la Grande"]
[BlackTeam "Drancy"]

1. e4 c5 2. Nf3 Nc6 3. Bb5 Nd4 4. Bd3 e6 5. O-O g6 6. Na3 a6 7. e5 d5 8. exd6
Qxd6 9. Nc4 Qc7 10. Re1 Bg7 11. a4 Nf6 12. Nxd4 cxd4 13. b3 O-O 14. Bb2 Nd7 15.
Qg4 Nc5 16. Bxd4 Nxd3 17. cxd3 Bxd4 18. Qxd4 Rd8 19. Qc3 Bd7 20. Rac1 Rac8 21.
Ne5 Qd6 22. Qb2 Bc6 23. Nxc6 Rxc6 24. Rxc6 Qxc6 25. Rc1 Qd5 26. Rc3 Qe5 27. Qc1
Qe2 28. g3 Rd5 29. Rc8+ Kg7 30. Qc3+ e5 31. Qb4 Rxd3 32. Qf8+ Kf6 33. Rc7 Qd1+
34. Kg2 Qxb3 35. Qe7+ Kg7 36. Rxb7 Qd5+ 37. Kh3 Rxd2 38. Rb8 Qd6 39. Qxd6 Rxd6
40. Ra8 Kf6 41. Ra7 Ke6 42. Kg2 h6 43. Kf3 f5 44. Ke2 g5 45. Rh7 Kd5 46. Rf7 f4
47. gxf4 exf4 48. h4 Kc4 49. hxg5 hxg5 50. Rb7 Rd5 51. Kf3 Ra5 52. Kg4 Rxa4 53.
Kxg5 Kd3 54. Kg4 a5 55. Rb5 Ra2 56. Kxf4 Rxf2+ 57. Ke5 a4 58. Ra5 Ra2 59. Kd5
a3 60. Kc5 Kc3 61. Ra4 Ra1 62. Rc4+ Kb3 63. Rb4+ Ka2 64. Ra4 Rb1 65. Kc4 Rb3
66. Ra8 Kb2 67. Rg8 a2 68. Rg2+ Ka3 69. Rg8 Rb4+ 0-1

[Event "Interclubs Adultes"]
[Site "NIORT"]
[Date "16.12.07"]
[Round "5.1"]
[White "Bojkov, Dejan"]
[Black "Murey, Jacob"]
[Result "0-1"]
[WhiteElo "2520"]
[BlackElo "2417"]
[PlyCount "112"]
[EventDate "16.12.07"]
[WhiteTeam "Migné-Auxances"]
[BlackTeam "Chess XV"]

1. e4 c5 2. c3 b6 3. d4 Bb7 4. Bd3 Nf6 5. Nd2 cxd4 6. cxd4 Nc6 7. Ne2 Nb4 8.
Bb1 Ba6 9. Nf3 Qc7 10. Nc3 e6 11. a3 Nc6 12. Bd3 Bxd3 13. Qxd3 d5 14. e5 Nd7
15. O-O a6 16. Bg5 h6 17. Bh4 b5 18. Rac1 Nb6 19. Rfe1 Qd7 20. Ne2 Nc4 21. Rc2
g5 22. Bg3 O-O-O 23. b3 Nxa3 24. Rxc6+ Qxc6 25. Rc1 Nc4 26. Nd2 Kb7 27. bxc4
dxc4 28. Qb1 Ka8 29. f3 Bc5 30. Bf2 Bb6 31. Ne4 Rd7 32. Nd6 Rhd8 33. Nc3 f5 34.
Na2 Rxd6 35. Nb4 Qb7 36. exd6 Rxd6 37. Qa1 a5 38. Nc2 Qd7 39. Kf1 Kb7 40. Qb1
Rd5 41. Ne3 Rxd4 42. Nxf5 exf5 43. Bxd4 Bxd4 44. Rxc4 Kb6 45. Rc1 Bc5 46. Qc2
Qd5 47. Rd1 Qe5 48. Qd3 Bd4 49. Rb1 a4 50. g3 Ka5 51. Kg2 b4 52. Rc1 f4 53. Rc6
Bb6 54. Rc8 Ba7 55. Kh3 b3 56. Rc4 Qe6+ 0-1

[Event "Interclubs Adultes"]
[Site "NIORT"]
[Date "16.12.07"]
[Round "5.2"]
[White "Glicenstein, Asher"]
[Black "Firman, Nazar"]
[Result "1/2-1/2"]
[WhiteElo "2250"]
[BlackElo "2526"]
[PlyCount "43"]
[EventDate "16.12.07"]
[WhiteTeam "Chess XV"]
[BlackTeam "Migné-Auxances"]

1. d4 Nf6 2. c4 e6 3. Nf3 c5 4. d5 b5 5. Bg5 exd5 6. cxd5 d6 7. e4 a6 8. a4 Be7
9. Nbd2 O-O 10. Bxf6 Bxf6 11. axb5 Bxb2 12. Ra2 Bc3 13. Be2 Bb7 14. Qb3 Bb4 15.
O-O axb5 16. Bxb5 Rxa2 17. Qxa2 Bc8 18. h3 Qf6 19. Qb3 Nd7 20. Bc4 Rd8 21. Qa4
Nf8 22. Nb3 1/2-1/2

[Event "Interclubs Adultes"]
[Site "NIORT"]
[Date "16.12.07"]
[Round "5.3"]
[White "Bedouin, Xavier"]
[Black "Mayaud, Raphael"]
[Result "1-0"]
[WhiteElo "2342"]
[BlackElo "2205"]
[PlyCount "79"]
[EventDate "16.12.07"]
[WhiteTeam "Migné-Auxances"]
[BlackTeam "Chess XV"]

1. e4 d5 2. exd5 Qxd5 3. Nc3 Qa5 4. d4 c6 5. Bd2 Nf6 6. Bc4 Bf5 7. Nd5 Qd8 8.
Nxf6+ gxf6 9. Nf3 e6 10. c3 Nd7 11. Nh4 Nb6 12. Bb3 Bd3 13. Qf3 Bc4 14. Bc2 f5
15. Qg3 Be7 16. Nf3 Bf6 17. Ne5 Bxe5 18. Qxe5 f6 19. Qe3 Qe7 20. b3 Nd5 21. Qf3
Ba6 22. c4 Nb4 23. Qh5+ Kd7 24. Bb1 c5 25. dxc5 Nc6 26. O-O Rag8 27. Bf4 Qxc5
28. Rd1+ Kc8 29. Bd6 Qa5 30. Qf7 Nd8 31. Qxf6 Re8 32. Bc2 Qb6 33. Rd2 Qc6 34.
Bg3 Rhg8 35. Qe5 f4 36. Qxf4 e5 37. Qe4 Qh6 38. Rad1 Nc6 39. Qxh7 Qxh7 40. Bxh7
1-0

[Event "Interclubs Adultes"]
[Site "NIORT"]
[Date "16.12.07"]
[Round "5.4"]
[White "Steimer, Michel"]
[Black "Picard, Romain"]
[Result "1/2-1/2"]
[WhiteElo "2163"]
[BlackElo "2346"]
[PlyCount "79"]
[EventDate "16.12.07"]
[WhiteTeam "Chess XV"]
[BlackTeam "Migné-Auxances"]

1. d4 e6 2. c4 b6 3. Nf3 Bb7 4. g3 Bb4+ 5. Bd2 Bxf3 6. exf3 Bxd2+ 7. Qxd2 Ne7
8. d5 c5 9. Nc3 O-O 10. Bg2 exd5 11. f4 Nbc6 12. Nxd5 Nxd5 13. Bxd5 Re8+ 14.
Kf1 Qf6 15. Kg2 Re7 16. Rhe1 Rae8 17. Rxe7 Qxe7 18. Bxc6 dxc6 19. Rd1 Qe4+ 20.
Kg1 Qxc4 21. Qd7 Qe2 22. Rd2 Qe1+ 23. Kg2 Qe4+ 24. Kh3 b5 25. Qxa7 c4 26. Qd7
g6 27. Rd6 Re6 28. Qd8+ Kg7 29. Rd2 Re8 30. Qa5 Qe7 31. a3 Qf6 32. Qb4 h5 33.
Qc5 Qe6+ 34. Kg2 h4 35. Qd4+ Kg8 36. h3 hxg3 37. fxg3 Qe1 38. Qf2 Qe4+ 39. Qf3
Qe1 40. Qf2 1/2-1/2

[Event "Interclubs Adultes"]
[Site "NIORT"]
[Date "16.12.07"]
[Round "5.5"]
[White "Fougerit, Valentin"]
[Black "Roman, Dimitri"]
[Result "0-1"]
[WhiteElo "2204"]
[BlackElo "2083"]
[PlyCount "62"]
[EventDate "16.12.07"]
[WhiteTeam "Migné-Auxances"]
[BlackTeam "Chess XV"]

1. e4 e5 2. Nf3 Nc6 3. Be2 Nf6 4. d3 Be7 5. O-O O-O 6. Re1 d5 7. exd5 Nxd5 8.
h3 f5 9. Bf1 Bd6 10. c4 Nf6 11. Nc3 Qe8 12. d4 e4 13. d5 Ne5 14. Nd4 Qg6 15.
Kh1 Nh5 16. Ndb5 f4 17. Nxd6 cxd6 18. Nxe4 f3 19. g3 Bf5 20. Ng5 h6 21. Ne6
Nxg3+ 22. fxg3 Bxh3 23. Nf4 Rxf4 24. Bxf4 Bg4 25. Rxe5 dxe5 26. Qd2 exf4 27.
gxf4 Re8 28. Bd3 Qf6 29. Rg1 Bh3 30. Bf1 Bxf1 31. Rxf1 Re2 0-1

[Event "Interclubs Adultes"]
[Site "NIORT"]
[Date "16.12.07"]
[Round "5.6"]
[White "Karila, Marc"]
[Black "Saada, Julien"]
[Result "0-1"]
[WhiteElo "2050"]
[BlackElo "2257"]
[PlyCount "72"]
[EventDate "16.12.07"]
[WhiteTeam "Chess XV"]
[BlackTeam "Migné-Auxances"]

1. e4 c6 2. d4 d5 3. Nc3 dxe4 4. Nxe4 Bf5 5. Ng3 Bg6 6. Nf3 Nd7 7. h4 h6 8. h5
Bh7 9. Bd3 Bxd3 10. Qxd3 Qc7 11. Ne2 e6 12. Bf4 Bd6 13. Bxd6 Qxd6 14. O-O-O
Ngf6 15. Nd2 O-O-O 16. Ne4 Nxe4 17. Qxe4 Nf6 18. Qf4 Qd5 19. Rh3 Qxg2 20. Rg3
Qd5 21. Nc3 Qa5 22. d5 Nxh5 23. Qxf7 Nxg3 24. Qxe6+ Kb8 25. fxg3 Rhe8 26. Qg6
cxd5 27. Rxd5 Re1+ 28. Kd2 Rxd5+ 29. Kxe1 Re5+ 30. Kf1 Rf5+ 31. Kg2 Qe5 32. Qg4
Rf8 33. Qb4 Qf6 34. Qc4 Qf2+ 35. Kh3 Qf5+ 36. Kg2 Qxc2+ 0-1

[Event "Interclubs Adultes"]
[Site "NIORT"]
[Date "16.12.07"]
[Round "5.7"]
[White "Picard, Clement"]
[Black "Martenet, Jean-Baptiste"]
[Result "1-0"]
[WhiteElo "2185"]
[BlackElo "2053"]
[PlyCount "39"]
[EventDate "16.12.07"]
[WhiteTeam "Migné-Auxances"]
[BlackTeam "Chess XV"]

1. e4 c5 2. Nf3 Nc6 3. Bb5 Nf6 4. Bxc6 dxc6 5. d3 g6 6. h3 Bg7 7. Nc3 O-O 8.
Be3 b6 9. Qd2 Ba6 10. Bh6 Ne8 11. h4 f6 12. O-O-O Nc7 13. e5 Nb5 14. Nxb5 cxb5
15. Rh3 Qd5 16. Kb1 Bc8 17. Rg3 Be6 18. b3 a5 19. h5 Bf7 20. Rh1 1-0

[Event "Interclubs Adultes"]
[Site "NIORT"]
[Date "16.12.07"]
[Round "5.8"]
[White "Allaf, Alice"]
[Black "Boulan, Laura"]
[Result "0-1"]
[WhiteElo "1499"]
[BlackElo "1895"]
[PlyCount "60"]
[EventDate "16.12.07"]
[WhiteTeam "Chess XV"]
[BlackTeam "Migné-Auxances"]

1. e4 e5 2. Nf3 d6 3. d3 Nf6 4. Be2 Be7 5. Be3 O-O 6. Qd2 c6 7. c4 Nbd7 8. Nc3
Re8 9. O-O Nf8 10. a3 Ng6 11. b4 d5 12. d4 exd4 13. Bxd4 dxe4 14. Bxf6 Bxf6 15.
Qxd8 Rxd8 16. Nxe4 Bxa1 17. Rxa1 Bf5 18. Nc5 b6 19. Na6 Bd3 20. Kf1 Bxe2+ 21.
Kxe2 Re8+ 22. Kf1 Rad8 23. b5 c5 24. Nc7 Re4 25. Rc1 Rd3 26. a4 Nf4 27. Ne1
Rdd4 28. f3 Rxc4 29. fxe4 Rxc1 30. Nd5 Nd3 0-1

[Event "Interclubs Adultes"]
[Site "NIORT"]
[Date "16.12.07"]
[Round "5.1"]
[White "Menager, Erwan"]
[Black "Le Roux, Jean-Pierre"]
[Result "0-1"]
[WhiteElo "2144"]
[BlackElo "2477"]
[PlyCount "74"]
[EventDate "16.12.07"]
[WhiteTeam "Tours"]
[BlackTeam "Guingamp"]

1. e4 g6 2. d4 d6 3. Nc3 Bg7 4. f4 Nc6 5. Be3 Nf6 6. Nf3 O-O 7. Bd3 Ng4 8. Bg1
e5 9. fxe5 dxe5 10. d5 Nd4 11. h3 Nf6 12. Be3 c6 13. dxc6 bxc6 14. O-O Nh5 15.
Qd2 Rb8 16. b3 Qe7 17. Qf2 Nxf3+ 18. Qxf3 Nf4 19. Bc4 a5 20. Na4 Rd8 21. Rad1
Be6 22. Bxe6 Nxe6 23. Qf2 h5 24. Nc5 Nd4 25. Nd3 Nb5 26. Bb6 Rd7 27. Bxa5 Nd4
28. Bc3 c5 29. Nb2 Nb5 30. Rxd7 Qxd7 31. Qd2 Qc6 32. Re1 Kh7 33. Nc4 Nd4 34.
Bb2 Rf8 35. c3 Ne6 36. Qd5 Qa6 37. a4 Rd8 0-1